Trabajadores iberoamericanos en el Estado español a comienzos del siglo XXI /

En este artículo se analiza el reciente y espectacular fenómeno inmigratorio que vive España, con la masiva llegada de foráneos que está convirtiendo a este país en uno de los que acogen una mayor proporción de inmigrantes respecto al total de su población dentro de la Unión Europea. La mayor parte...

وصف كامل

محفوظ في:
التفاصيل البيبلوغرافية
المؤلف الرئيسي: Aldrey Vázquez, José Antonio
مؤلفون آخرون: Verdugo Matés, Rosa María
التنسيق: نص
الموضوعات:
الوسوم: إضافة وسم
لا توجد وسوم, كن أول من يضع وسما على هذه التسجيلة!

MARC

LEADER 00000 a a2200000 04500
001 12420
003
040
100 |a Aldrey Vázquez, José Antonio  
245 |a Trabajadores iberoamericanos en el Estado español a comienzos del siglo XXI /  |c José Antonio Aldrey Vázquez 
500 |a Resumen también en inglés  
520 |a En este artículo se analiza el reciente y espectacular fenómeno inmigratorio que vive España, con la masiva llegada de foráneos que está convirtiendo a este país en uno de los que acogen una mayor proporción de inmigrantes respecto al total de su población dentro de la Unión Europea. La mayor parte de esas llegadas son de personas procedentes de Iberoamérica. El estudio se orienta a ese grupo, y más concretamente a sus características laborales: distribución espacial por el territorio español, diferenciación por sexos, características de sus contratos y cómo les afecta el desempleo  
650 |a INMIGRACION  
650 |a TRABAJADORES EXTRANJEROS  
650 |a DISTRIBUCION POR SEXO  
650 |a CONTRATOS DE TRABAJO  
650 |a DESEMPLEO  
650 |a TRABAJADORES EXTRANJEROS  
650 |a SEGURIDAD SOCIAL  
650 |a DISTRIBUCION POR EDAD Y SEXO  
650 |a CONTRATOS DE TRABAJO  
650 |a DESEMPLEO  
700 |a Verdugo Matés, Rosa María  
773 |g volumen 12, número 26; páginas 109-134  
999 |c 25067  |d 25067